Electrical properties of polymers (Record no. 58507)

MARC details
000 -LEADER
fixed length control field 00334nam a2200133Ia 4500
100 ## - MAIN ENTRY--AUTHOR NAME
Personal name Norman R H
245 #0 - TITLE STATEMENT
Title Electrical properties of polymers
260 ## - PUBLICATION, DISTRIBUTION, ETC. (IMPRINT)
Name of publisher Proceedings of the IRI
Year of publication 1957
300 ## - PHYSICAL DESCRIPTION
Number of Pages 47-60
650 ## - SUBJECT ADDED ENTRY--TOPICAL TERM
Topical Term Electrical properties
650 ## - SUBJECT ADDED ENTRY--TOPICAL TERM
Topical Term Polymers
942 ## - ADDED ENTRY ELEMENTS (KOHA)
Koha item type Journals
Holdings
Withdrawn status Lost status Damaged status Not for loan Home library Current library Shelving location Date acquired Serial Enumeration / chronology Koha item type
      Journals RRII Library RRII Library Rubber chemistry 17/12/2021 Volume 4, Issue 2 Journals